005290000a2200121000450024501020000065000290010265000360013165000280016765000160019504100130021126000170022477301660024110aState of the debate, on traditional knowledgesbackground note prepared by the UNCTAD secretariat14aConocimiento tradicional14aAcceso a los recursos naturales14aLegislación ambiental14aBiocomercio0 aInglés bUNCTADc20021 tInternational seminar on systems for the protection and commercialisation of traditional knowledge, in particular traditional medicines 3-5 april, 2002 New Delhi